[Event "ODJM B 2023"]
[Site "Willingen GER"]
[Date "2023.05.29"]
[Round "3"]
[White "Heitmann, Erik"]
[Black "Eitel, Luc"]
[Result "1/2-1/2"]
[Termination "normal"]
[Board "30"]
[WhiteElo "1236"]
[BlackElo "1424"]
[WhiteClock "00:02:10"]
[BlackClock "00:02:42"]
[PlyCount "176"]
[WhiteFideId "34608940"]
[BlackFideId "16299728"]
[EventCountry "GER"]
[EventRounds "9"]
[EventType "swiss"]
[EventDate "2023.05.27"]

1. d4 {[%clk 01:30:57]} {[%emt 00:00:02]} d5 {[%clk 01:30:56]} {[%emt
00:00:05]} 2. c4 {[%clk 01:31:24]} {[%emt 00:00:03]} dxc4 {[%clk 01:31:21]}
{[%emt 00:00:05]} 3. Nf3 {[%clk 01:31:46]} {[%emt 00:00:08]} e6 {[%clk
01:30:50]} {[%emt 00:01:01]} 4. e4 {[%clk 01:32:03]} {[%emt 00:00:14]} c5
{[%clk 01:30:35]} {[%emt 00:00:45]} 5. Bxc4 {[%clk 01:31:37]} {[%emt 00:00:55]}
cxd4 {[%clk 01:28:42]} {[%emt 00:02:24]} 6. Qxd4 {[%clk 01:31:17]} {[%emt
00:00:50]} Qxd4 {[%clk 01:26:40]} {[%emt 00:02:32]} 7. Nxd4 {[%clk 01:31:44]}
{[%emt 00:00:03]} Bb4+ {[%clk 01:18:51]} {[%emt 00:08:19]} 8. Bd2 {[%clk
01:31:27]} {[%emt 00:00:48]} Bxd2+ {[%clk 01:17:12]} {[%emt 00:02:08]} 9. Nxd2
{[%clk 01:30:02]} {[%emt 00:01:56]} Nd7 {[%clk 01:16:00]} {[%emt 00:01:42]} 10.
Rc1 {[%clk 01:28:14]} {[%emt 00:02:17]} Ngf6 {[%clk 01:13:35]} {[%emt
00:02:55]} 11. Ke2 {[%clk 01:25:49]} {[%emt 00:02:55]} a6 {[%clk 01:07:35]}
{[%emt 00:06:30]} 12. Bb3 {[%clk 01:23:51]} {[%emt 00:02:28]} O-O {[%clk
01:04:09]} {[%emt 00:03:57]} 13. Rc7 {[%clk 01:20:32]} {[%emt 00:03:48]} Nb6
{[%clk 01:01:15]} {[%emt 00:03:20]} 14. a4 {[%clk 01:10:13]} {[%emt 00:10:53]}
Rd8 {[%clk 00:59:05]} {[%emt 00:02:40]} 15. N4f3 {[%clk 01:06:43]} {[%emt
00:04:00]} Rb8 {[%clk 00:49:06]} {[%emt 00:10:29]} 16. Ne5 {[%clk 00:45:46]}
{[%emt 00:21:26]} Bd7 {[%clk 00:44:50]} {[%emt 00:04:47]} 17. a5 {[%clk
00:44:06]} {[%emt 00:02:10]} Bb5+ {[%clk 00:40:27]} {[%emt 00:04:53]} 18. Bc4
{[%clk 00:39:50]} {[%emt 00:04:46]} Nxc4 {[%clk 00:38:03]} {[%emt 00:02:54]}
19. Ndxc4 {[%clk 00:36:25]} {[%emt 00:03:55]} Rbc8 {[%clk 00:34:27]} {[%emt
00:04:06]} 20. Rxc8 {[%clk 00:35:40]} {[%emt 00:01:15]} Rxc8 {[%clk 00:34:45]}
{[%emt 00:00:12]} 21. b3 {[%clk 00:34:10]} {[%emt 00:02:00]} Bxc4+ {[%clk
00:31:09]} {[%emt 00:04:07]} 22. Nxc4 {[%clk 00:34:05]} {[%emt 00:00:34]} Nxe4
{[%clk 00:31:16]} {[%emt 00:00:23]} 23. Ke3 {[%clk 00:33:08]} {[%emt 00:01:26]}
Nf6 {[%clk 00:28:21]} {[%emt 00:03:24]} 24. g3 {[%clk 00:29:25]} {[%emt
00:04:15]} Kf8 {[%clk 00:26:00]} {[%emt 00:02:52]} 25. f3 {[%clk 00:28:49]}
{[%emt 00:01:05]} Ke7 {[%clk 00:23:38]} {[%emt 00:02:51]} 26. Rd1 {[%clk
00:26:38]} {[%emt 00:02:42]} Nd5+ {[%clk 00:23:40]} {[%emt 00:00:29]} 27. Kd4
{[%clk 00:21:56]} {[%emt 00:05:10]} Rc6 {[%clk 00:21:44]} {[%emt 00:02:04]} 28.
Rb1 {[%clk 00:13:33]} {[%emt 00:09:15]} b5 {[%clk 00:18:57]} {[%emt 00:03:18]}
29. axb6 {[%clk 00:12:46]} {[%emt 00:01:18]} Nxb6 {[%clk 00:18:57]} {[%emt
00:00:29]} 30. Nxb6 {[%clk 00:12:59]} {[%emt 00:00:17]} Rxb6 {[%clk 00:18:59]}
{[%emt 00:00:28]} 31. Kc5 {[%clk 00:13:06]} {[%emt 00:00:22]} Rb5+ {[%clk
00:19:04]} {[%emt 00:00:26]} 32. Kc4 {[%clk 00:12:53]} {[%emt 00:00:43]} Rd5
{[%clk 00:18:49]} {[%emt 00:00:44]} 33. Rb2 {[%clk 00:13:06]} {[%emt 00:00:19]}
a5 {[%clk 00:19:05]} {[%emt 00:00:14]} 34. f4 {[%clk 00:12:56]} {[%emt
00:00:39]} g5 {[%clk 00:17:09]} {[%emt 00:02:26]} 35. Rf2 {[%clk 00:11:10]}
{[%emt 00:02:16]} gxf4 {[%clk 00:15:52]} {[%emt 00:01:47]} 36. Rxf4 {[%clk
00:11:03]} {[%emt 00:00:37]} f5 {[%clk 00:15:02]} {[%emt 00:01:20]} 37. Rh4
{[%clk 00:10:34]} {[%emt 00:00:59]} Kd6 {[%clk 00:09:53]} {[%emt 00:05:39]} 38.
Rxh7 {[%clk 00:10:42]} {[%emt 00:00:22]} Rc5+ {[%clk 00:10:04]} {[%emt
00:00:19]} 39. Kd3 {[%clk 00:10:35]} {[%emt 00:00:37]} e5 {[%clk 00:10:00]}
{[%emt 00:00:34]} 40. h4 {[%clk 00:08:37]} {[%emt 00:02:28]} e4+ {[%clk
00:08:54]} {[%emt 00:01:36]} 41. Kd2 {[%clk 00:05:28]} {[%emt 00:03:39]} Rd5+
{[%clk 00:09:00]} {[%emt 00:00:24]} 42. Ke2 {[%clk 00:05:26]} {[%emt 00:00:31]}
Rd3 {[%clk 00:08:43]} {[%emt 00:00:40]} 43. Rg7 {[%clk 00:29:07]} {[%emt
00:06:57]} Rxb3 {[%clk 00:36:22]} {[%emt 00:02:51]} 44. h5 {[%clk 00:29:15]}
{[%emt 00:00:22]} Rb8 {[%clk 00:34:47]} {[%emt 00:02:05]} 45. h6 {[%clk
00:28:34]} {[%emt 00:01:11]} Rh8 {[%emt 00:05:56]} 46. Ra7 {[%clk 00:24:21]}
{[%emt 00:00:02]} Ke6 {[%clk 00:33:37]} {[%emt 00:00:55]} 47. Ke3 {[%clk
00:23:45]} {[%emt 00:01:06]} Kf6 {[%clk 00:32:28]} {[%emt 00:01:39]} 48. h7
{[%clk 00:22:53]} {[%emt 00:01:21]} Kg5 {[%clk 00:26:38]} {[%emt 00:06:15]} 49.
Rg7+ {[%clk 00:20:18]} {[%emt 00:03:10]} Kh6 {[%clk 00:25:37]} {[%emt
00:01:16]} 50. Ra7 {[%clk 00:19:32]} {[%emt 00:01:32]} Rxh7 {[%clk 00:25:43]}
{[%emt 00:00:19]} 51. Rxa5 {[%clk 00:19:38]} {[%emt 00:00:29]} Kg5 {[%clk
00:25:33]} {[%emt 00:00:39]} 52. Ra8 {[%clk 00:16:18]} {[%emt 00:03:51]} Rg7
{[%clk 00:24:55]} {[%emt 00:01:04]} 53. Re8 {[%clk 00:15:30]} {[%emt 00:01:20]}
Kg4 {[%clk 00:22:52]} {[%emt 00:02:32]} 54. Kf2 {[%clk 00:15:34]} {[%emt
00:00:29]} Kg5 {[%clk 00:17:59]} {[%emt 00:05:22]} 55. Ke3 {[%clk 00:14:08]}
{[%emt 00:01:56]} Kg4 {[%clk 00:16:52]} {[%emt 00:01:38]} 56. Kf2 {[%clk
00:14:19]} {[%emt 00:00:19]} Rg5 {[%clk 00:17:11]} {[%emt 00:00:11]} 57. Re7
{[%clk 00:12:25]} {[%emt 00:02:24]} Rg8 {[%clk 00:16:38]} {[%emt 00:01:03]} 58.
Re6 {[%clk 00:11:48]} {[%emt 00:01:06]} Rb8 {[%clk 00:15:15]} {[%emt 00:01:39]}
59. Rg6+ {[%clk 00:10:59]} {[%emt 00:01:33]} Kh5 {[%clk 00:15:09]} {[%emt
00:00:36]} 60. Re6 {[%clk 00:11:05]} {[%emt 00:00:24]} Rb2+ {[%clk 00:14:51]}
{[%emt 00:00:49]} 61. Ke3 {[%clk 00:10:30]} {[%emt 00:01:04]} Rb3+ {[%clk
00:13:52]} {[%emt 00:01:30]} 62. Kf2 {[%clk 00:10:37]} {[%emt 00:00:23]} Rf3+
{[%clk 00:12:19]} {[%emt 00:02:03]} 63. Kg2 {[%clk 00:10:47]} {[%emt 00:00:13]}
Kg5 {[%clk 00:12:22]} {[%emt 00:00:33]} 64. Re8 {[%clk 00:10:21]} {[%emt
00:00:49]} Kf6 {[%clk 00:12:30]} {[%emt 00:00:29]} 65. Ra8 {[%clk 00:09:08]}
{[%emt 00:01:43]} Rd3 {[%clk 00:11:53]} {[%emt 00:01:08]} 66. Kf2 {[%clk
00:08:47]} {[%emt 00:00:51]} Ke5 {[%clk 00:11:20]} {[%emt 00:01:03]} 67. Re8+
{[%clk 00:08:24]} {[%emt 00:00:52]} Kd4 {[%clk 00:10:35]} {[%emt 00:01:16]} 68.
Rc8 {[%clk 00:07:13]} {[%emt 00:01:41]} Rd2+ {[%clk 00:10:32]} {[%emt
00:00:33]} 69. Ke1 {[%clk 00:07:28]} {[%emt 00:00:14]} Ke3 {[%clk 00:10:41]}
{[%emt 00:00:21]} 70. Rc5 {[%clk 00:05:42]} {[%emt 00:02:17]} Rb2 {[%clk
00:09:01]} {[%emt 00:02:08]} 71. Kd1 {[%clk 00:04:46]} {[%emt 00:01:28]} Rf2
{[%clk 00:08:00]} {[%emt 00:01:18]} 72. Ke1 {[%clk 00:03:46]} {[%emt 00:01:43]}
Rg2 {[%clk 00:07:23]} {[%emt 00:01:03]} 73. Kd1 {[%clk 00:02:59]} {[%emt
00:01:21]} Rxg3 {[%clk 00:06:47]} {[%emt 00:01:07]} 74. Rxf5 {[%clk 00:02:51]}
{[%emt 00:00:37]} Rf3 {[%clk 00:06:51]} {[%emt 00:00:25]} 75. Ra5 {[%clk
00:01:09]} {[%emt 00:02:13]} Rf1+ {[%clk 00:07:08]} {[%emt 00:00:13]} 76. Kc2
{[%clk 00:01:38]} Ke2 {[%clk 00:06:44]} {[%emt 00:00:49]} 77. Re5 {[%emt
00:01:14]} e3 {[%clk 00:06:45]} {[%emt 00:00:27]} 78. Re8 {[%clk 00:00:46]}
{[%emt 00:00:45]} Rf3 {[%clk 00:04:51]} {[%emt 00:02:09]} 79. Rh8 {[%clk
00:01:07]} {[%emt 00:00:24]} Rf2 {[%clk 00:03:45]} {[%emt 00:01:36]} 80. Kc3
{[%clk 00:00:41]} {[%emt 00:00:55]} Ke1 {[%clk 00:02:54]} {[%emt 00:01:22]} 81.
Ra8 {[%clk 00:00:53]} {[%emt 00:00:18]} Rd2 {[%clk 00:02:08]} {[%emt 00:01:11]}
82. Ra1+ {[%clk 00:01:09]} {[%emt 00:00:18]} Rd1 {[%clk 00:01:42]} {[%emt
00:00:57]} 83. Ra8 {[%clk 00:01:12]} {[%emt 00:00:27]} e2 {[%clk 00:01:35]}
{[%emt 00:00:38]} 84. Rf8 {[%clk 00:01:32]} {[%emt 00:00:08]} Rc1+ {[%clk
00:01:45]} {[%emt 00:00:21]} 85. Kb2 {[%clk 00:01:27]} {[%emt 00:00:34]} Rc8
{[%clk 00:02:00]} {[%emt 00:00:12]} 86. Rxc8 {[%clk 00:01:43]} {[%emt
00:00:17]} Kd2 {[%clk 00:02:01]} {[%emt 00:00:26]} 87. Rc2 {[%clk 00:01:42]}
{[%emt 00:00:33]} Kd1 {[%clk 00:02:14]} {[%emt 00:00:18]} 88. Rxe2 {[%clk
00:02:10]} {[%emt 00:00:03]} Kxe2 {[%clk 00:02:42]} {[%emt 00:00:03]} 1/2-1/2

[Event "ODJM B 2023"]
[Site "Willingen GER"]
[Date "2023.05.29"]
[Round "3"]
[White "Pac, Maksym"]
[Black "Müller, Sophie Charlotte"]
[Result "0-1"]
[Termination "normal"]
[Board "31"]
[WhiteElo "1249"]
[BlackElo "1442"]
[WhiteClock "00:06:35"]
[BlackClock "00:06:50"]
[PlyCount "66"]
[WhiteFideId "34623558"]
[BlackFideId "16246683"]
[EventCountry "GER"]
[EventRounds "9"]
[EventType "swiss"]
[EventDate "2023.05.27"]

1. d4 {[%clk 01:30:59]} Nf6 {[%clk 01:30:53]} {[%emt 00:00:08]} 2. Nc3 {[%clk
01:31:26]} {[%emt 00:00:03]} d5 {[%clk 01:31:06]} {[%emt 00:00:17]} 3. Bf4
{[%clk 01:31:52]} {[%emt 00:00:03]} g6 {[%clk 01:31:12]} {[%emt 00:00:24]} 4.
e3 {[%clk 01:31:22]} {[%emt 00:01:02]} Bg7 {[%clk 01:31:35]} {[%emt 00:00:06]}
5. Nf3 {[%clk 01:30:28]} {[%emt 00:01:25]} Bg4 {[%clk 01:31:55]} {[%emt
00:00:09]} 6. h4 {[%clk 01:29:09]} {[%emt 00:01:49]} Nh5 {[%clk 01:29:12]}
{[%emt 00:03:13]} 7. Bh2 {[%clk 01:25:03]} {[%emt 00:04:36]} c6 {[%clk
01:27:59]} {[%emt 00:01:43]} 8. Be2 {[%clk 01:23:30]} {[%emt 00:02:03]} Nd7
{[%clk 01:16:42]} {[%emt 00:11:46]} 9. e4 {[%clk 01:11:06]} {[%emt 00:12:54]}
dxe4 {[%clk 01:05:57]} {[%emt 00:11:15]} 10. Nxe4 {[%clk 01:11:25]} {[%emt
00:00:11]} O-O {[%clk 00:55:05]} {[%emt 00:11:23]} 11. c3 {[%clk 01:08:23]}
{[%emt 00:03:32]} Re8 {[%clk 00:46:52]} {[%emt 00:08:42]} 12. O-O {[%clk
00:58:12]} {[%emt 00:10:41]} Nhf6 {[%clk 00:43:43]} {[%emt 00:03:39]} 13. Nxf6+
{[%clk 00:48:15]} {[%emt 00:10:28]} Bxf6 {[%clk 00:39:14]} {[%emt 00:04:59]}
14. Ng5 {[%clk 00:31:57]} {[%emt 00:16:47]} Bxe2 {[%clk 00:38:31]} {[%emt
00:01:13]} 15. Qxe2 {[%clk 00:31:42]} {[%emt 00:00:45]} e5 {[%clk 00:37:55]}
{[%emt 00:01:07]} 16. dxe5 {[%clk 00:24:25]} {[%emt 00:07:47]} Bxe5 {[%clk
00:26:17]} {[%emt 00:12:08]} 17. Qc4 {[%clk 00:21:01]} {[%emt 00:03:54]} Bxh2+
{[%clk 00:23:15]} {[%emt 00:03:31]} 18. Kxh2 {[%clk 00:21:16]} {[%emt
00:00:15]} Qf6 {[%clk 00:20:34]} {[%emt 00:03:11]} 19. Rfe1 {[%clk 00:16:26]}
{[%emt 00:05:21]} h6 {[%clk 00:18:42]} {[%emt 00:02:22]} 20. Nf3 {[%clk
00:15:45]} {[%emt 00:01:11]} Ne5 {[%clk 00:18:07]} {[%emt 00:01:05]} 21. Nxe5
{[%clk 00:12:04]} {[%emt 00:04:11]} Rxe5 {[%clk 00:18:31]} {[%emt 00:00:05]}
22. Qd4 {[%clk 00:10:52]} {[%emt 00:01:43]} Rf5 {[%clk 00:15:42]} {[%emt
00:03:18]} 23. Qxf6 {[%clk 00:10:36]} {[%emt 00:00:46]} Rxf6 {[%clk 00:16:11]}
{[%emt 00:00:02]} 24. Kg3 {[%clk 00:10:46]} {[%emt 00:00:19]} Rd8 {[%clk
00:14:16]} {[%emt 00:02:25]} 25. Rad1 {[%clk 00:11:12]} {[%emt 00:00:04]} Rxd1
{[%clk 00:10:53]} {[%emt 00:03:54]} 26. Rxd1 {[%clk 00:11:37]} {[%emt
00:00:05]} a5 {[%clk 00:10:36]} {[%emt 00:00:47]} 27. Rd7 {[%clk 00:10:19]}
{[%emt 00:01:47]} b5 {[%clk 00:10:34]} {[%emt 00:00:33]} 28. b3 {[%clk
00:08:39]} {[%emt 00:02:10]} b4 {[%clk 00:10:01]} {[%emt 00:01:02]} 29. cxb4
{[%clk 00:08:07]} {[%emt 00:01:03]} axb4 {[%clk 00:10:29]} {[%emt 00:00:02]}
30. f4 {[%clk 00:08:01]} {[%emt 00:00:35]} Rf5 {[%clk 00:08:44]} {[%emt
00:02:16]} 31. Rc7 {[%clk 00:07:25]} {[%emt 00:01:06]} Rc5 {[%clk 00:07:54]}
{[%emt 00:01:19]} 32. Rb7 {[%clk 00:06:45]} {[%emt 00:01:11]} Rc3+ {[%clk
00:07:19]} {[%emt 00:01:05]} 33. Kg4 {[%clk 00:06:35]} {[%emt 00:00:40]} f5#
{[%clk 00:06:50]} {[%emt 00:00:36]} 0-1

[Event "ODJM B 2023"]
[Site "Willingen GER"]
[Date "2023.05.29"]
[Round "3"]
[White "Golke, Philipp"]
[Black "Kraus, Linus"]
[Result "1/2-1/2"]
[Termination "normal"]
[Board "33"]
[WhiteElo "1374"]
[BlackElo "1532"]
[WhiteClock "00:39:59"]
[BlackClock "00:25:48"]
[PlyCount "99"]
[WhiteFideId "34625259"]
[BlackFideId "34629629"]
[EventCountry "GER"]
[EventRounds "9"]
[EventType "swiss"]
[EventDate "2023.05.27"]

1. e4 {[%clk 01:30:59]} e6 {[%clk 01:30:33]} {[%emt 00:00:28]} 2. Qe2 {[%clk
01:30:51]} {[%emt 00:00:38]} e5 {[%clk 01:30:37]} {[%emt 00:00:25]} 3. Nf3
{[%clk 01:31:04]} {[%emt 00:00:18]} Nc6 {[%clk 01:30:48]} {[%emt 00:00:19]} 4.
d3 {[%clk 01:31:16]} {[%emt 00:00:18]} Nf6 {[%clk 01:30:04]} {[%emt 00:01:13]}
5. Nc3 {[%clk 01:31:35]} {[%emt 00:00:12]} Bc5 {[%clk 01:29:38]} {[%emt
00:00:54]} 6. Bg5 {[%clk 01:31:50]} {[%emt 00:00:16]} h6 {[%clk 01:28:08]}
{[%emt 00:01:58]} 7. Bh4 {[%clk 01:31:38]} {[%emt 00:00:45]} d6 {[%clk
01:19:34]} {[%emt 00:09:04]} 8. h3 {[%clk 01:29:25]} {[%emt 00:02:42]} Be6
{[%clk 01:18:42]} {[%emt 00:01:21]} 9. Na4 {[%clk 01:26:22]} {[%emt 00:03:34]}
Bb6 {[%clk 01:16:51]} {[%emt 00:02:21]} 10. Nxb6 {[%emt 00:03:04]} axb6 {[%clk
01:17:07]} {[%emt 00:00:13]} 11. a3 {[%clk 01:22:58]} {[%emt 00:01:22]} Qe7
{[%clk 01:15:52]} {[%emt 00:01:44]} 12. Qd2 {[%clk 01:19:48]} {[%emt 00:03:40]}
O-O {[%clk 01:08:44]} {[%emt 00:07:39]} 13. Be2 {[%clk 01:18:45]} {[%emt
00:01:33]} d5 {[%clk 01:07:03]} {[%emt 00:02:11]} 14. O-O {[%clk 01:03:05]}
{[%emt 00:16:10]} dxe4 {[%clk 00:58:59]} {[%emt 00:08:34]} 15. Bxf6 {[%clk
01:01:47]} {[%emt 00:01:47]} Qxf6 {[%clk 00:59:04]} {[%emt 00:00:25]} 16. dxe4
{[%clk 01:01:52]} {[%emt 00:00:25]} Rfd8 {[%clk 00:59:11]} {[%emt 00:00:23]}
17. Qe3 {[%clk 00:58:53]} {[%emt 00:03:29]} Rd7 {[%clk 00:56:35]} {[%emt
00:03:07]} 18. Nh2 {[%clk 00:53:39]} {[%emt 00:05:43]} Nd4 {[%clk 00:54:13]}
{[%emt 00:02:47]} 19. Bd3 {[%clk 00:48:41]} {[%emt 00:05:33]} Rad8 {[%clk
00:49:30]} {[%emt 00:05:13]} 20. f4 {[%clk 00:46:13]} {[%emt 00:02:58]} exf4
{[%clk 00:44:20]} {[%emt 00:05:41]} 21. Rxf4 {[%clk 00:45:56]} {[%emt
00:00:46]} Qe7 {[%clk 00:38:24]} {[%emt 00:06:27]} 22. Raf1 {[%clk 00:34:08]}
{[%emt 00:12:18]} Qc5 {[%clk 00:35:02]} {[%emt 00:03:52]} 23. Qf2 {[%clk
00:31:59]} {[%emt 00:02:38]} Nb3 {[%clk 00:26:44]} {[%emt 00:08:48]} 24. cxb3
{[%clk 00:25:41]} {[%emt 00:06:49]} Qxf2+ {[%clk 00:27:00]} {[%emt 00:00:14]}
25. R4xf2 {[%clk 00:25:58]} {[%emt 00:00:12]} Rxd3 {[%clk 00:27:17]} {[%emt
00:00:12]} 26. b4 {[%clk 00:26:20]} {[%emt 00:00:09]} Rd2 {[%clk 00:27:13]}
{[%emt 00:00:34]} 27. Nf3 {[%clk 00:25:43]} {[%emt 00:01:07]} Rxf2 {[%clk
00:26:48]} {[%emt 00:00:55]} 28. Rxf2 {[%clk 00:26:02]} {[%emt 00:00:12]} Rd3
{[%clk 00:26:27]} {[%emt 00:00:51]} 29. Kh2 {[%clk 00:22:02]} {[%emt 00:04:29]}
Re3 {[%clk 00:23:16]} {[%emt 00:03:37]} 30. e5 {[%clk 00:22:21]} {[%emt
00:00:16]} Bd5 {[%clk 00:22:30]} {[%emt 00:01:15]} 31. Kg3 {[%clk 00:21:45]}
{[%emt 00:01:06]} g5 {[%clk 00:17:24]} {[%emt 00:05:36]} 32. Rd2 {[%clk
00:19:05]} {[%emt 00:03:11]} c6 {[%clk 00:11:50]} {[%emt 00:06:03]} 33. Kf2
{[%clk 00:18:26]} {[%emt 00:01:08]} Re4 {[%clk 00:11:19]} {[%emt 00:01:02]} 34.
b5 {[%clk 00:16:35]} {[%emt 00:02:21]} Rf4 {[%clk 00:08:43]} {[%emt 00:03:06]}
35. bxc6 {[%clk 00:14:34]} {[%emt 00:02:32]} bxc6 {[%clk 00:08:51]} {[%emt
00:00:22]} 36. Rd4 {[%clk 00:14:08]} {[%emt 00:00:56]} Rf5 {[%clk 00:06:51]}
{[%emt 00:02:30]} 37. Rb4 {[%clk 00:13:47]} {[%emt 00:00:50]} b5 {[%clk
00:07:06]} {[%emt 00:00:15]} 38. Rd4 {[%clk 00:13:41]} {[%emt 00:00:36]} Bxf3
{[%clk 00:07:04]} {[%emt 00:00:32]} 39. gxf3 {[%clk 00:14:03]} {[%emt
00:00:08]} Rxe5 {[%clk 00:07:25]} {[%emt 00:00:09]} 40. Rd6 {[%clk 00:14:21]}
{[%emt 00:00:12]} Rc5 {[%clk 00:03:53]} {[%emt 00:04:03]} 41. Rxh6 {[%clk
00:14:42]} {[%emt 00:00:08]} Kg7 {[%emt 00:00:16]} 42. Rd6 {[%clk 00:15:02]}
{[%emt 00:00:04]} Rc2+ {[%clk 00:04:39]} {[%emt 00:00:04]} 43. Kg3 {[%clk
00:15:19]} {[%emt 00:00:13]} Rxb2 {[%clk 00:04:52]} {[%emt 00:00:18]} 44. Rxc6
{[%clk 00:15:37]} {[%emt 00:00:12]} Rb3 {[%clk 00:04:05]} {[%emt 00:01:17]} 45.
Rb6 {[%clk 00:15:45]} {[%emt 00:00:22]} f6 {[%clk 00:02:52]} {[%emt 00:01:42]}
46. Kg4 {[%clk 00:11:45]} {[%emt 00:04:31]} Kg6 {[%clk 00:02:42]} {[%emt
00:00:39]} 47. Rb7 {[%clk 00:10:27]} {[%emt 00:01:49]} Rb1 {[%clk 00:01:46]}
{[%emt 00:01:25]} 48. Kg3 {[%emt 00:00:14]} Rb3 {[%clk 00:27:55]} {[%emt
00:04:20]} 49. Kg4 {[%clk 00:39:59]} {[%emt 00:01:15]} Rxa3 {[%clk 00:25:48]}
{[%emt 00:02:37]} 50. Rxb5 {[%emt 00:00:48]} 1/2-1/2

[Event "ODJM B 2023"]
[Site "Willingen GER"]
[Date "2023.05.29"]
[Round "3"]
[White "Kutz, Paul Matti"]
[Black "Loßin, Charlotte"]
[Result "0-1"]
[Termination "normal"]
[Board "34"]
[WhiteElo "1537"]
[BlackElo "1518"]
[WhiteClock "00:01:55"]
[BlackClock "00:09:04"]
[PlyCount "74"]
[WhiteFideId "16296265"]
[BlackFideId "16218345"]
[EventCountry "GER"]
[EventRounds "9"]
[EventType "swiss"]
[EventDate "2023.05.27"]

1. e4 {[%clk 01:30:58]} {[%emt 02:59:06]} e6 {[%clk 01:30:53]} {[%emt
00:00:06]} 2. d4 {[%clk 01:31:23]} {[%emt 00:00:05]} d5 {[%clk 01:31:20]}
{[%emt 00:00:03]} 3. e5 {[%clk 01:31:37]} {[%emt 00:00:16]} c5 {[%clk
01:30:47]} {[%emt 00:01:04]} 4. c3 {[%clk 01:31:50]} {[%emt 00:00:16]} Nc6
{[%clk 01:31:03]} {[%emt 00:00:14]} 5. Nf3 {[%clk 01:31:55]} {[%emt 00:00:26]}
Qb6 {[%clk 01:30:55]} {[%emt 00:00:38]} 6. a3 {[%clk 01:30:55]} {[%emt
00:01:30]} cxd4 {[%clk 01:30:04]} {[%emt 00:01:21]} 7. cxd4 {[%clk 01:30:35]}
{[%emt 00:00:49]} Bd7 {[%clk 01:27:49]} {[%emt 00:02:45]} 8. Nc3 {[%clk
01:29:58]} {[%emt 00:01:07]} Nge7 {[%clk 01:21:03]} {[%emt 00:07:17]} 9. Na4
{[%clk 01:29:18]} {[%emt 00:01:10]} Qc7 {[%clk 01:14:58]} {[%emt 00:06:35]} 10.
Nc5 {[%clk 01:28:03]} {[%emt 00:01:44]} Nf5 {[%clk 01:14:24]} {[%emt 00:01:04]}
11. Nxd7 {[%clk 01:25:59]} {[%emt 00:02:35]} Qxd7 {[%clk 01:14:22]} {[%emt
00:00:32]} 12. g4 {[%clk 01:25:15]} {[%emt 00:01:13]} Nfe7 {[%clk 01:10:28]}
{[%emt 00:04:24]} 13. Ng5 {[%clk 01:24:59]} {[%emt 00:00:43]} Rc8 {[%clk
01:03:20]} {[%emt 00:07:41]} 14. Be3 {[%clk 01:23:58]} {[%emt 00:01:31]} h6
{[%clk 01:00:39]} {[%emt 00:03:10]} 15. Nh3 {[%clk 01:20:06]} {[%emt 00:04:23]}
Na5 {[%clk 00:54:54]} {[%emt 00:06:16]} 16. b3 {[%clk 01:16:43]} {[%emt
00:03:53]} Qd8 {[%clk 00:51:21]} {[%emt 00:04:02]} 17. g5 {[%clk 01:14:12]}
{[%emt 00:03:01]} Qb6 {[%clk 00:49:11]} {[%emt 00:02:40]} 18. Rb1 {[%clk
01:05:48]} {[%emt 00:08:55]} Rc3 {[%clk 00:43:41]} {[%emt 00:06:00]} 19. b4
{[%clk 00:58:40]} {[%emt 00:07:38]} Nc4 {[%clk 00:41:26]} {[%emt 00:02:44]} 20.
Rc1 {[%clk 00:49:27]} {[%emt 00:09:43]} Rxa3 {[%clk 00:35:22]} {[%emt
00:06:34]} 21. Bxc4 {[%clk 00:47:24]} {[%emt 00:02:33]} dxc4 {[%clk 00:35:46]}
{[%emt 00:00:06]} 22. O-O {[%clk 00:34:11]} {[%emt 00:13:44]} Qxb4 {[%clk
00:29:46]} {[%emt 00:06:30]} 23. Rb1 {[%clk 00:32:42]} {[%emt 00:01:59]} Rb3
{[%clk 00:28:59]} {[%emt 00:01:16]} 24. Rxb3 {[%clk 00:28:55]} {[%emt
00:04:18]} cxb3 {[%clk 00:28:14]} {[%emt 00:01:14]} 25. f4 {[%clk 00:17:16]}
{[%emt 00:12:09]} Nd5 {[%clk 00:21:50]} {[%emt 00:06:54]} 26. Qc1 {[%clk
00:16:06]} {[%emt 00:01:39]} Kd7 {[%clk 00:20:56]} {[%emt 00:01:25]} 27. f5
{[%clk 00:13:41]} {[%emt 00:02:55]} Qc3 {[%clk 00:17:15]} {[%emt 00:04:11]} 28.
fxe6+ {[%clk 00:13:07]} {[%emt 00:01:05]} fxe6 {[%clk 00:13:56]} {[%emt
00:03:48]} 29. Rf7+ {[%clk 00:10:51]} {[%emt 00:02:46]} Be7 {[%clk 00:10:39]}
{[%emt 00:03:47]} 30. Qxc3 {[%clk 00:10:31]} {[%emt 00:00:50]} Nxc3 {[%clk
00:10:58]} {[%emt 00:00:10]} 31. Bc1 {[%clk 00:07:25]} {[%emt 00:03:36]} Ne2+
{[%clk 00:11:15]} {[%emt 00:00:14]} 32. Kg2 {[%clk 00:04:36]} {[%emt 00:03:20]}
Nxc1 {[%clk 00:11:29]} {[%emt 00:00:15]} 33. d5 {[%clk 00:03:06]} {[%emt
00:01:59]} exd5 {[%clk 00:11:33]} {[%emt 00:00:27]} 34. Rf2 {[%clk 00:02:19]}
{[%emt 00:01:17]} Nd3 {[%clk 00:10:20]} {[%emt 00:01:42]} 35. e6+ {[%clk
00:02:00]} {[%emt 00:00:50]} Kd6 {[%clk 00:09:18]} {[%emt 00:01:32]} 36. gxh6
{[%clk 00:01:52]} {[%emt 00:00:38]} Nxf2 {[%clk 00:08:54]} {[%emt 00:00:54]}
37. hxg7 {[%clk 00:01:55]} {[%emt 00:00:27]} Rg8 {[%clk 00:09:04]} {[%emt
00:00:20]} 0-1